[Event "Fortaleza Alves Memorial 19th"]
[Site "Fortaleza"]
[Date "2014.05.16"]
[Round "1"]
[White "Freitas, Marcos Antonio da C"]
[Black "Vital, Pablo Manoel Santan"]
[Result "1-0"]
[WhiteElo "1962"]
[BlackElo "1683"]
[PlyCount "73"]
[EventDate "2014.05.16"]
[EventType "swiss"]
[EventRounds "6"]
[EventCountry "BRA"]
[SourceTitle "CBM 160 Extra"]
[Source "ChessBase"]
[SourceDate "2014.07.01"]
[SourceVersion "1"]
[SourceVersionDate "2014.07.01"]
[SourceQuality "1"]

1. e4 e6 2. d4 d5 3. Nc3 Bb4 4. e5 c5 5. a3 Bxc3+ 6. bxc3 cxd4 7. Qg4 Qc7 8. Qxg7 Qxc3+ 9. Kd1 Qxa1 10. Qxh8 Kf8 11. Bd3 Bd7 12. Bxh7 Bb5 13. Bxg8 d3 14. Bh7+ Ke7 15. Qf6+ Ke8 16. Bxd3 Bxd3 17. cxd3 Nd7 18. Qh8+ Nf8 19. Ne2 Rc8 20. f4 Qa2 21. Qh3 Qc2+ 22. Ke1 Ng6 23. Qe3 Nh4 24. Kf2 Nf5 25. Qd2 Qc5+ 26. d4 Qb6 27. h4 Rc4 28. Bb2 f6 29. Rc1 Qc6 30. Rxc4 Qxc4 31. h5 fxe5 32. fxe5 Qc7 33. g4 Ng7 34. h6 Qf7+ 35. Qf4 Qg6 36. hxg7 Qxg7 37. a4 1-0

[Event "Fortaleza Alves Memorial 19th"]
[Site "Fortaleza"]
[Date "2014.05.16"]
[Round "2"]
[White "Palacio, Igor Da Paz"]
[Black "Freitas, Marcos Antonio da C"]
[Result "1-0"]
[WhiteElo "2143"]
[BlackElo "1962"]
[PlyCount "44"]
[EventDate "2014.05.16"]
[EventType "swiss"]
[EventRounds "6"]
[EventCountry "BRA"]
[SourceTitle "CBM 160 Extra"]
[Source "ChessBase"]
[SourceDate "2014.07.01"]
[SourceVersion "1"]
[SourceVersionDate "2014.07.01"]
[SourceQuality "1"]

1. e4 e6 2. d4 d5 3. Nc3 dxe4 4. Nxe4 Nd7 5. Nf3 Ngf6 6. Nxf6+ Nxf6 7. Bd3 Be7 8. Bg5 0-0 9. Qe2 c5 10. dxc5 Qa5+ 11. c3 Qxc5 12. Rd1 Rd8 13. 0-0 Bd7 14. Ne5 Be8 15. Rfe1 Nd5 16. Bc1 Bf6 17. Ng4 Qe7 18. Nxf6+ Qxf6 19. Qe4 g6 20. Qg4 Qg7 21. Qh4 h5 22. Bb1 Nb6 1-0

[Event "Fortaleza Alves memorial 17th"]
[Site "Fortaleza"]
[Date "2013.05.17"]
[Round "1"]
[White "Freitas, Marcos Antonio da C"]
[Black "Monte, Evandro Ferreira"]
[Result "1-0"]
[WhiteElo "1993"]
[BlackElo "1800"]
[PlyCount "85"]
[EventDate "2013.05.17"]
[EventType "swiss"]
[EventRounds "6"]
[EventCountry "BRA"]
[SourceTitle "CBM 154 Extra"]
[Source "ChessBase"]
[SourceDate "2013.06.25"]
[SourceVersion "2"]
[SourceVersionDate "2013.06.25"]
[SourceQuality "1"]

1. e4 e6 2. d4 d5 3. Nc3 Nf6 4. e5 Nfd7 5. f4 c5 6. Nf3 Nc6 7. Be3 Be7 8. Be2 cxd4 9. Nxd4 0-0 10. 0-0 a6 11. Qd2 Qc7 12. a3 b5 13. Bf3 Bb7 14. Nce2 Nb6 15. Nxc6 Bxc6 16. Qa5 Rfb8 17. Rfd1 Bd8 18. Bc5 Qd7 19. Qe1 Qb7 20. Nd4 Bc7 21. b3 Nd7 22. Bb4 Bb6 23. Kh1 a5 24. Bd6 Bc7 25. Bxc7 Qxc7 26. Rd3 Qb7 27. Qh4 Re8 28. Be2 Nf8 29. Rh3 Qd7 30. Rc3 Rec8 31. Nxc6 Rxc6 32. Bxb5 Rac8 33. Bxc6 Rxc6 34. Qg3 Qc7 35. Rxc6 Qxc6 36. Qd3 Ng6 37. Rf1 Nh4 38. c4 d4 39. Rf2 Nf5 40. Qf3 Qe8 41. Rd2 Qd8 42. g4 Ne7 43. Rxd4 1-0

[Event "Cearense-ch 54th sf"]
[Site "Fortaleza"]
[Date "2012.12.08"]
[Round "4.11"]
[White "Freitas, Marcos Antonio da C"]
[Black "Da Paixao, Irineu Vieira"]
[Result "0-1"]
[WhiteElo "1978"]
[BlackElo "1672"]
[PlyCount "126"]
[EventDate "2012.12.07"]
[EventType "swiss"]
[EventRounds "6"]
[EventCountry "BRA"]
[SourceTitle "EXT 2022"]
[Source "ChessBase"]
[SourceDate "2021.10.06"]
[SourceVersion "1"]
[SourceVersionDate "2021.10.06"]
[SourceQuality "1"]

1. e4 c5 2. Nf3 Nc6 3. d4 cxd4 4. Nxd4 Nf6 5. Nc3 e6 6. Bg5 Be7 7. Be2 Qb6 8. Nb3 a6 9. Qd2 d6 10. Bxf6 Bxf6 11. Qxd6 Bd7 12. 0-0 Be5 13. Qc5 Qc7 14. f4 Bxf4 15. Qh5 g6 16. Qh4 Be3+ 17. Kh1 Ne5 18. Qf6 0-0 19. Rad1 Rad8 20. h4 Bh6 21. h5 Bg7 22. Qf4 Bc6 23. Nd4 Qb6 24. Nxc6 Nxc6 25. Rxd8 Qxd8 26. hxg6 fxg6 27. Qg4 Rxf1+ 28. Bxf1 Qf6 29. Bc4 Kf7 30. Nd1 Ne5 31. Qe2 Nxc4 32. Qxc4 Qh4+ 33. Kg1 Be5 34. Qe2 Bd4+ 35. Nf2 Bxb2 36. Qc4 Be5 37. Qb4 Qe7 38. Qc4 Qc7 39. Qd3 Qd6 40. Qb3 b5 41. c4 Qc5 42. cxb5 axb5 43. Kf1 Qc4+ 44. Qxc4 bxc4 45. Ke2 Bd4 46. Nh3 Ke7 47. Ng5 h6 48. Nf3 e5 49. Kd2 Kd6 50. Nh4 Kc5 51. Nxg6 Kb4 52. Nh4 Ka3 53. Nf5 Kb2 54. Nxd4 exd4 55. a4 c3+ 56. Kd3 c2 57. Kxd4 c1Q 58. e5 Qd2+ 59. Kc5 Qa5+ 60. Kd6 Qxa4 61. e6 Qd4+ 62. Kc7 Qg7+ 63. Kd8 Qxg2 0-1

[Event "Cearense-ch 54th sf"]
[Site "Fortaleza"]
[Date "2012.12.08"]
[Round "3.14"]
[White "Laroca, Alvaro Ney"]
[Black "Freitas, Marcos Antonio da C"]
[Result "0-1"]
[WhiteElo "1572"]
[BlackElo "1978"]
[PlyCount "90"]
[EventDate "2012.12.07"]
[EventType "swiss"]
[EventRounds "6"]
[EventCountry "BRA"]
[SourceTitle "EXT 2022"]
[Source "ChessBase"]
[SourceDate "2021.10.06"]
[SourceVersion "1"]
[SourceVersionDate "2021.10.06"]
[SourceQuality "1"]

1. e4 d5 2. exd5 Qxd5 3. Nc3 Qd6 4. d4 Nf6 5. h3 a6 6. Bg5 Nc6 7. Nf3 Bf5 8. a3 0-0-0 9. Be3 h6 10. Bc4 g5 11. Qd2 e6 12. 0-0-0 Bg7 13. Qe2 Nd5 14. Nxd5 exd5 15. Bd3 Bxd3 16. Qxd3 Kb8 17. Nd2 Na5 18. b4 Nc6 19. c4 dxc4 20. Nxc4 Qd7 21. Rd2 Bxd4 22. Kc2 Qe7 23. Qb3 Bxe3 24. Qxe3 Qxe3 25. fxe3 Rxd2+ 26. Kxd2 b5 27. Nb2 Ne5 28. Kc3 Rd8 29. Rd1 Rxd1 30. Nxd1 Nc4 31. a4 Kb7 32. a5 Kc6 33. Kd4 f5 34. g3 Kd6 35. Nc3 Na3 36. Nd5 c6 37. Nf6 Nc2+ 38. Kc3 Nxe3 39. Ng8 h5 40. Nf6 Nd5+ 41. Nxd5 Kxd5 42. g4 hxg4 43. hxg4 fxg4 44. Kd3 c5 45. bxc5 g3 0-1